000
00297nam a2200133Ia 4500
100
_a
Gardner Martin
942
_c
BK
654
_a
Mathematics
245
_a
More Mathematical Puzzles & Diversion
260
_b
Penguin Books
_a
London
_c
1990
300
_a
186
546
_a
ENGLISH
999
_c
27443
_d
27443